[Event "TUR-ch (Women)"]
[Site "Izmir"]
[Date "2023.10.17"]
[Round "3"]
[White "Dincer, Cagla"]
[Black "Aygir, Duygu"]
[Result "0-1"]
[WhiteElo "1424"]
[BlackElo "1194"]
[PlyCount "68"]
[EventDate "2023.10.16"]
[EventType "tourn"]
[EventRounds "9"]
[EventCountry "TUR"]
[SourceTitle "Mega2024 Update 01"]
[Source "Chessbase"]
[SourceDate "2023.11.12"]
[SourceVersion "1"]
[SourceVersionDate "2023.11.12"]
[SourceQuality "1"]

1. e4 c5 2. Nc3 e6 3. g3 Nc6 4. d3 Nf6 5. Bg2 d5 6. exd5 exd5 7. Bg5 Be6 8. Nge2 d4 9. Ne4 Be7 10. Bxf6 Bxf6 11. Nxc5 Qa5+ 12. c3 Qxc5 13. cxd4 Nxd4 14. 0-0 0-0 15. Nc3 Qb6 16. Qd2 Rad8 17. Rfe1 Be7 18. Kh1 Bb4 19. Be4 f5 20. Bg2 Bf7 21. g4 f4 22. Re4 f3 23. Bh3 Qd6 24. g5 Ba5 25. Qf4 Qb4 26. Qd2 Bc7 27. Qd1 Qxb2 28. Qc1 Qxf2 29. Qg1 Qxg1+ 30. Rxg1 Rfe8 31. Rxd4 Rxd4 32. Nb5 Rxd3 33. Nxc7 f2 34. Rc1 Re1+ 0-1